[Event "Sandefjord GP Group-A"]
[Site "Sandefjord"]
[Date "2006.10.15"]
[Round "5"]
[White "Solli, Oddvar"]
[Black "Aas, Henrik"]
[Result "1/2-1/2"]
[WhiteElo "1528"]
[BlackElo "1591"]
[PlyCount "33"]
[EventDate "2006.10.13"]
[EventType "swiss"]
[EventRounds "5"]
[EventCountry "NOR"]
[SourceTitle "EXT 2009"]
[Source "ChessBase"]
[SourceDate "2008.11.26"]
[SourceVersion "1"]
[SourceVersionDate "2008.11.26"]
[SourceQuality "1"]

1. d4 d5 2. c4 e6 3. Nc3 Nf6 4. Bg5 Be7 5. e3 b6 6. Nf3 0-0 7. Rc1 Bb7 8. Bd3 Nbd7 9. 0-0 c5 10. cxd5 Nxd5 11. Bxe7 Qxe7 12. Nxd5 exd5 13. Bb1 Rac8 14. Qd3 g6 15. Qa3 a6 16. Rfd1 Rfe8 17. dxc5 1/2-1/2

[Event "Sandefjord GP Group-A"]
[Site "Sandefjord"]
[Date "2006.10.13"]
[Round "1"]
[White "Thomassen, Joachim"]
[Black "Aas, Henrik"]
[Result "1-0"]
[WhiteElo "2101"]
[BlackElo "1591"]
[PlyCount "49"]
[EventDate "2006.10.13"]
[EventType "swiss"]
[EventRounds "5"]
[EventCountry "NOR"]
[SourceTitle "EXT 2009"]
[Source "ChessBase"]
[SourceDate "2008.11.26"]
[SourceVersion "1"]
[SourceVersionDate "2008.11.26"]
[SourceQuality "1"]

1. e4 c5 2. Nf3 d6 3. d4 cxd4 4. Nxd4 Nf6 5. Nc3 e6 6. g4 Be7 7. g5 Nfd7 8. h4 Nc6 9. Be3 a6 10. Qd2 Qc7 11. 0-0-0 Nb6 12. Nxc6 Qxc6 13. Qd4 Nd7 14. Qxg7 Rf8 15. Qxh7 Ne5 16. h5 Bd7 17. f4 Ng4 18. Bg1 0-0-0 19. Be2 e5 20. Nd5 Rde8 21. Nb6+ Kd8 22. Nxd7 Qxd7 23. Rh4 Qa4 24. Bxg4 f5 25. gxf6 1-0

[Event "Halden GP op-A"]
[Site "Halden"]
[Date "2005.09.04"]
[Round "5"]
[White "Aas, Henrik"]
[Black "Spillum, Jahn"]
[Result "0-1"]
[WhiteElo "1603"]
[BlackElo "1877"]
[PlyCount "124"]
[EventDate "2005.09.02"]
[EventType "swiss"]
[EventRounds "5"]
[EventCountry "NOR"]
[SourceTitle "EXT 2007"]
[Source "ChessBase"]
[SourceDate "2006.11.23"]
[SourceVersion "1"]
[SourceVersionDate "2006.11.23"]
[SourceQuality "1"]

1. e4 c5 2. Nf3 Nc6 3. d4 cxd4 4. Nxd4 e5 5. Nb3 d6 6. Nc3 Nf6 7. Be2 Be7 8. Be3 0-0 9. 0-0 Be6 10. f4 Bxb3 11. axb3 exf4 12. Rxf4 a6 13. Rf1 Ne5 14. Kh1 Qd7 15. Bf3 Nxf3 16. Qxf3 Rac8 17. Rad1 Qe6 18. Bf2 Rc6 19. Rfe1 Ng4 20. Bd4 Ne5 21. Qg3 Rfc8 22. Rf1 b5 23. b4 Rc4 24. Nd5 Bd8 25. c3 f6 26. Ne3 R4c6 27. Bxe5 dxe5 28. Nf5 g6 29. Rd5 Kf8 30. Ne3 Ke8 31. Rfd1 Be7 32. Qh4 Qf7 33. Qh3 Rd8 34. Rd7 Rd6 35. R7xd6 Bxd6 36. Nd5 Kf8 37. Rf1 Be7 38. Qh6+ Kg8 39. Qe3 Qe6 40. Qa7 Kf8 41. Qf2 Kg7 42. Qg3 Rf8 43. Qh4 Bd8 44. Qf2 Rf7 45. Qh4 Rd7 46. g4 Rxd5 47. exd5 Qxd5+ 48. Kg1 Bb6+ 49. Rf2 Qf3 50. Kf1 Bxf2 51. Qxf2 Qxf2+ 52. Kxf2 Kf7 53. Ke3 Ke6 54. Ke4 f5+ 55. gxf5+ gxf5+ 56. Ke3 Kd5 57. b3 h6 58. h3 h5 59. h4 Kc6 60. c4 bxc4 61. bxc4 Kb6 62. Kd3 a5 0-1

[Event "Halden GP op-A"]
[Site "Halden"]
[Date "2005.09.03"]
[Round "2"]
[White "Aas, Henrik"]
[Black "Ferkingstad, Sjur"]
[Result "0-1"]
[WhiteElo "1603"]
[BlackElo "2147"]
[PlyCount "76"]
[EventDate "2005.09.02"]
[EventType "swiss"]
[EventRounds "5"]
[EventCountry "NOR"]
[SourceTitle "EXT 2007"]
[Source "ChessBase"]
[SourceDate "2006.11.23"]
[SourceVersion "1"]
[SourceVersionDate "2006.11.23"]
[SourceQuality "1"]

1. e4 e6 2. d4 d5 3. Nd2 Nf6 4. e5 Nfd7 5. Ngf3 c5 6. c3 Nc6 7. Bb5 Qb6 8. Bxc6 bxc6 9. 0-0 Ba6 10. Re1 cxd4 11. cxd4 c5 12. Nb3 cxd4 13. Qxd4 Bc4 14. Qg4 Bxb3 15. axb3 Qb4 16. Qh3 Nc5 17. Be3 a5 18. Nd4 Nxb3 19. Nxe6 Nxa1 20. Nc7+ Kd8 21. Rxa1 Kxc7 22. Rc1+ Kd8 23. Qf3 Qb7 24. Rd1 Ke8 25. Rxd5 Be7 26. Qd1 a4 27. f4 Qxb2 28. f5 Qb3 29. Qf3 a3 30. Rb5 Qxb5 31. Qxa8+ Bd8 32. Qxa3 Qb1+ 33. Bc1 Qxf5 34. Qa4+ Qd7 35. Qf4 Bb6+ 36. Be3 Qd1+ 37. Kf2 Qd2+ 38. Kf3 Qxe3+ 0-1